000 00928cam a22002415a 4500
001 18512800
005 20161206115745.0
008 150303s2015 enka frb 001 0 eng d
020 _a9780470632239
040 _aDLC
_beng
_cDLC
_dDLC
_dEG-ScBUE
082 0 4 _a624.151
_222
_bXIA
100 1 _aXiao, Ming,
_d1972-
245 1 0 _aGeotechnical engineering design /
_cMing Xiao ; with contributions from Daniel Barreto.
260 _aWest Sussex :
_bWiley Blackwell,
_c2015.
300 _axv, 406 p. :
_bill. ;
_c25 cm.
504 _aIncludes bibliographical references and index.
650 7 _aGeotechnical engineering.
_2BUEsh
_937594
651 _2BUEsh
653 _bENGGEN
_cDecember2016
700 1 _aBarreto, Daniel,
_econtributor.
776 0 8 _iOnline version:
_aXiao, Ming, 1972-
_tGeotechnical engineering design
_dWest Sussex, United Kingdom : John Wiley & Sons Inc., [2015]
_z9781118917701
_w(DLC) 2015010496
942 _2ddc
999 _c23470
_d23442